000 00345nam a2200133Ia 4500
008 240624s9999 xx 000 0 und d
041 _aeng
082 _a828 CHO
100 _aCHOPRA DEEPAK
245 _aAGELESS BODY TIMELESS MIND A PRACTICAL A
260 _c1993
_aNew Delhi
_bRider Books
300 _aix, : 357 : p. : cm. ; 19
365 _cRS
999 _c28082
_d28082